| 000 | 00860nam a2200253 i 4500 | ||
|---|---|---|---|
| 001 | bg | ||
| 100 | 1 | _aNóżka, Agnieszka. | |
| 245 | 1 | 0 |
_aRachunek kosztów w zarządzaniu jednostkami badawczo-rozwojowymi / _cAgnieszka Nóżka. |
| 260 |
_aLublin : _bWydawnictwo Uniwersytetu Marii Curie-Skłodowskiej, _c2008. |
||
| 300 |
_a206 s. : _bil. ; _c25 cm. |
||
| 504 | _aBibliogr. s. 189-194. | ||
| 650 | 9 |
_aKoszty _xrachunkowość _zPolska _yod 1989 r. |
|
| 650 | 9 |
_aNauka _xinstytuty _xzarządzanie _zPolska _yod 1989 r. |
|
| 015 | _aPB 26440/2008 | ||
| 020 | _a9788322728772 | ||
| 040 | _cBPK | ||
| 041 | _apol | ||
| 044 | _aPOL | ||
| 080 | _a001.32:657.47](438)"1989/..." | ||
| 920 | _a978-83-227-2877-2 | ||
| 942 | _cKS | ||
| 008 | 081009s2008 pl a |000 0 pol | ||
| 999 |
_c55968 _d55968 |
||
| 856 |
_uhttp://koha.tu.koszalin.pl/cgi-bin/koha/opac-detail.pl?biblionumber=55968 _yKatalog online BPK |
||